Sequel to history : postmodernism and the crisis of representational time

Αποθηκεύτηκε σε:
Λεπτομέρειες βιβλιογραφικής εγγραφής
Κύριος συγγραφέας: Ermarth, Elizabeth Deeds, 1939-
Μορφή: Βιβλίο
Γλώσσα:English
Δημοσίευση: Princeton : Princeton University Press, 1992.
Θέματα:
Ετικέτες: Προσθήκη ετικέτας
Δεν υπάρχουν, Καταχωρήστε ετικέτα πρώτοι!

MARC

LEADER 00000cam a2200000 i 4500
001 1/681
008 000410s1992 nju| ||| |||| ||eng||
020 |a 0691015171 
035 |l 10059746 
040 |a GR-MyUa  |b gre  |e AACR2 
041 0 |a eng 
082 7 |a 809.93384   |2 (22) 
100 1 |a Ermarth, Elizabeth Deeds,   |d 1939- 
245 1 0 |a Sequel to history :   |b postmodernism and the crisis of representational time /   |c Elizabeth Deeds Ermarth. 
260 |a Princeton :   |b Princeton University Press,   |c 1992. 
300 |a 232 σ. ;   |c 25 εκ. 
504 |a Περιλαμβάνει βιβλιογραφικές παραπομπές και ευρετήριο. 
650 0 0 |a Postmodernism (Literature) 
650 0 0 |a Time in literature. 
852 |a INST  |b LESVOS  |e 20000410  |h 809.93384 ERM  |p 005100020396  |q 005100020396  |t BK  |y 0 
901 |a BIBL1-2000-1 
970 |a ΚΑΜΑΤΣΟΥ  |b ΔΕΣΠΟΙΝΑ  |z 2000/04/10